000 00875cam a22002535a 4500
001 1999522
005 20180104105655.0
008 900920s1991 nyua frb 001 0 eng d
020 _a0442003129
020 _a9780442003128
040 _aDLC
_cDLC
_dDLC
_dEG-ScBUE
_beng
082 0 4 _a621.395
_222
_bHUB
100 1 _aHuber, John P.
245 1 0 _aSuccessful ASIC design the first time through /
_cJohn P. Huber and Mark W. Rosneck.
260 _aNew York :
_bVan Nostrand Reinhold,
_cc.1991.
300 _axvi, 200 p. :
_bill. ;
_c24 cm.
504 _aIncludes bibliographical references and index.
650 7 _aApplication specific integrated circuits
_xDesign and construction.
_2BUEsh
650 7 _aVHDL (Computer hardware description language)
_2BUEsh
_934515
651 _2BUEsh
653 _bGGEN
_bCOMSCI
_cJanuary2018
700 1 _aRosneck, Mark W.
942 _2ddc
999 _c25852
_d25824